00773nam a22001935i 450000100060000000300090000600500170001500700030003200800410003504000200007610000380009624501360013426000660027030000330033670000460036985200220041599900170043795201250045448149ES-MaACL20230906161713.0t|950707s1869 fr ||||1| fre d aCAM bspa cCAM1 aChanning, Williams Ellery.93797810aOeuvres sociales de Channing / ctraduction francaise, précédé d'un essai sur sa vie et sa doctrine... par Edouard Laboulaye. aParis : bCharpentier et Cie, c1869 (fSimon Racon et Comp.) a[4], XLIV, 388 p. ; c18 cm.1 aLaboulaye, Édouard (d1811-1883)969262 aES-MaACLjF-13308 c48149d48149 001040708LIBXIXaATENEOMbATENEOMcSPP2d2008-01-17eSCl0oF-13308p1050675r2023-02-23 00:00:00w2023-02-23yMONANT